Statistics for 1984 College Football AP Poll

Click here to take the quiz!

General Stats

  • This quiz has been taken 23 times
  • The average score is 279 of 320

Answer Stats

WeekRankTeamWLTConference% Correct
Week 1 (9/4)9Alabama00SEC
100%
Preseason9Alabama00SEC
100%
Week 2 (9/11)19Alabama01SEC
100%
Week 5 (10/2)13Michigan31Big Ten
100%
Preseason14Michigan00Big Ten
100%
Week 1 (9/4)14Michigan00Big Ten
100%
Week 4 (9/25)14Michigan21Big Ten
100%
Week 3 (9/18)16Michigan11Big Ten
100%
Week 2 (9/11)3Michigan10Big Ten
100%
Week 14 (12/4)5Nebraska92Big Eight
100%
Week 2 (9/11)1Nebraska10Big Eight
100%
Week 13 (11/27)5Nebraska92Big Eight
100%
Week 3 (9/18)1Nebraska20Big Eight
100%
Week 10 (11/6)2Nebraska81Big Eight
100%
Week 6 (10/9)6Nebraska41Big Eight
100%
Week 12 (11/20)7Nebraska92Big Eight
100%
Week 4 (9/25)1Nebraska30Big Eight
100%
Week 11 (11/13)1Nebraska91Big Eight
100%
Week 5 (10/2)8Nebraska31Big Eight
100%
Week 8 (10/23)4Nebraska61Big Eight
100%
Week 9 (10/30)3Nebraska71Big Eight
100%
Week 1 (9/4)2Nebraska00Big Eight
100%
Preseason2Nebraska00Big Eight
100%
Week 7 (10/16)5Nebraska51Big Eight
100%
Postseason4Nebraska102Big Eight
100%
Week 2 (9/11)9Ohio State10Big Ten
100%
Week 7 (10/16)8Ohio State51Big Ten
100%
Week 10 (11/6)13Ohio State72Big Ten
100%
Week 5 (10/2)2Ohio State40Big Ten
100%
Week 9 (10/30)16Ohio State62Big Ten
100%
Week 11 (11/13)11Ohio State82Big Ten
100%
Week 4 (9/25)3Ohio State30Big Ten
100%
Preseason7Ohio State00Big Ten
100%
Week 12 (11/20)8Ohio State92Big Ten
100%
Week 6 (10/9)8Ohio State41Big Ten
100%
Week 3 (9/18)5Ohio State20Big Ten
100%
Week 13 (11/27)6Ohio State92Big Ten
100%
Postseason13Ohio State93Big Ten
100%
Week 14 (12/4)6Ohio State92Big Ten
100%
Week 1 (9/4)6Ohio State00Big Ten
100%
Week 8 (10/23)6Ohio State61Big Ten
100%
Week 4 (9/25)7Oklahoma30Big Eight
100%
Week 13 (11/27)2Oklahoma911Big Eight
100%
Week 6 (10/9)3Oklahoma40Big Eight
100%
Week 9 (10/30)10Oklahoma511Big Eight
100%
Week 3 (9/18)11Oklahoma20Big Eight
100%
Postseason6Oklahoma921Big Eight
100%
Week 1 (9/4)16Oklahoma00Big Eight
100%
Week 2 (9/11)15Oklahoma10Big Eight
100%
Week 5 (10/2)5Oklahoma40Big Eight
100%
Week 8 (10/23)2Oklahoma501Big Eight
100%
Week 11 (11/13)6Oklahoma711Big Eight
100%
Week 7 (10/16)2Oklahoma401Big Eight
100%
Week 10 (11/6)9Oklahoma611Big Eight
100%
Week 12 (11/20)2Oklahoma811Big Eight
100%
Preseason16Oklahoma00Big Eight
100%
Week 14 (12/4)2Oklahoma911Big Eight
100%
Week 6 (10/9)1Texas30Southwest
100%
Week 12 (11/20)6Texas711Southwest
100%
Preseason6Texas00Southwest
100%
Week 4 (9/25)2Texas10Southwest
100%
Week 14 (12/4)19Texas731Southwest
100%
Week 5 (10/2)1Texas20Southwest
100%
Week 11 (11/13)10Texas611Southwest
100%
Week 8 (10/23)3Texas401Southwest
100%
Week 7 (10/16)3Texas301Southwest
100%
Week 3 (9/18)3Texas10Southwest
100%
Week 1 (9/4)5Texas00Southwest
100%
Week 10 (11/6)3Texas601Southwest
100%
Week 2 (9/11)4Texas00Southwest
100%
Week 13 (11/27)13Texas721Southwest
100%
Week 9 (10/30)2Texas501Southwest
100%
Week 11 (11/13)7USC81Pacific-10
100%
Week 13 (11/27)20USC83Pacific-10
100%
Week 8 (10/23)20USC51Pacific-10
100%
Week 4 (9/25)15USC20Pacific-10
100%
Week 3 (9/18)17USC10Pacific-10
100%
Week 14 (12/4)18USC83Pacific-10
100%
Week 9 (10/30)18USC61Pacific-10
100%
Week 10 (11/6)14USC71Pacific-10
100%
Week 2 (9/11)20USC10Pacific-10
100%
Postseason10USC93Pacific-10
100%
Week 12 (11/20)14USC82Pacific-10
100%
Postseason14Auburn94SEC
95%
Week 4 (9/25)20Auburn12SEC
95%
Week 5 (10/2)18Auburn22SEC
95%
Week 10 (11/6)20Auburn63SEC
95%
Preseason1Auburn00SEC
95%
Week 1 (9/4)8Auburn01SEC
95%
Week 6 (10/9)16Auburn32SEC
95%
Week 8 (10/23)12Auburn52SEC
95%
Week 2 (9/11)11Auburn01SEC
95%
Week 13 (11/27)11Auburn83SEC
95%
Week 14 (12/4)16Auburn83SEC
95%
Week 7 (10/16)13Auburn42SEC
95%
Week 12 (11/20)13Auburn83SEC
95%
Week 9 (10/30)11Auburn62SEC
95%
Week 3 (9/18)19Auburn02SEC
95%
Week 11 (11/13)18Auburn73SEC
95%
Week 12 (11/20)4Florida811SEC
95%
Preseason17Florida00SEC
95%
Week 10 (11/6)10Florida611SEC
95%
Week 8 (10/23)16Florida511SEC
95%
Postseason3Florida911SEC
95%
Week 11 (11/13)5Florida711SEC
95%
Week 13 (11/27)3Florida811SEC
95%
Week 6 (10/9)18Florida311SEC
95%
Week 9 (10/30)13Florida511SEC
95%
Week 7 (10/16)17Florida411SEC
95%
Week 14 (12/4)3Florida911SEC
95%
Week 6 (10/9)9Florida State401Independent
95%
Week 9 (10/30)14Florida State511Independent
95%
Week 8 (10/23)15Florida State511Independent
95%
Week 3 (9/18)15Florida State20Independent
95%
Week 7 (10/16)15Florida State411Independent
95%
Week 11 (11/13)17Florida State621Independent
95%
Week 14 (12/4)15Florida State731Independent
95%
Week 1 (9/4)20Florida State10Independent
95%
Week 13 (11/27)12Florida State721Independent
95%
Preseason20Florida State00Independent
95%
Week 12 (11/20)15Florida State721Independent
95%
Week 2 (9/11)18Florida State10Independent
95%
Week 4 (9/25)9Florida State30Independent
95%
Week 10 (11/6)11Florida State611Independent
95%
Week 5 (10/2)6Florida State40Independent
95%
Postseason17Florida State732Independent
95%
Week 1 (9/4)7Notre Dame00Independent
95%
Week 14 (12/4)17Notre Dame74Independent
95%
Week 4 (9/25)19Notre Dame21Independent
95%
Preseason8Notre Dame00Independent
95%
Week 5 (10/2)16Notre Dame31Independent
95%
Week 13 (11/27)19Notre Dame74Independent
95%
Week 5 (10/2)17UCLA31Pacific-10
95%
Week 14 (12/4)14UCLA83Pacific-10
95%
Postseason9UCLA93Pacific-10
95%
Week 13 (11/27)17UCLA83Pacific-10
95%
Week 2 (9/11)7UCLA10Pacific-10
95%
Week 12 (11/20)19UCLA83Pacific-10
95%
Week 4 (9/25)17UCLA21Pacific-10
95%
Week 3 (9/18)8UCLA20Pacific-10
95%
Preseason5UCLA00Pacific-10
95%
Week 1 (9/4)4UCLA00Pacific-10
95%
Week 10 (11/6)1Washington90Pacific-10
95%
Postseason2Washington111Pacific-10
95%
Week 14 (12/4)4Washington101Pacific-10
95%
Week 13 (11/27)4Washington101Pacific-10
95%
Week 12 (11/20)5Washington101Pacific-10
95%
Week 11 (11/13)8Washington91Pacific-10
95%
Week 9 (10/30)1Washington80Pacific-10
95%
Week 8 (10/23)1Washington70Pacific-10
95%
Week 6 (10/9)2Washington50Pacific-10
95%
Week 4 (9/25)6Washington30Pacific-10
95%
Week 1 (9/4)19Washington00Pacific-10
95%
Week 5 (10/2)3Washington40Pacific-10
95%
Week 7 (10/16)1Washington60Pacific-10
95%
Week 3 (9/18)9Washington20Pacific-10
95%
Preseason18Washington00Pacific-10
95%
Week 2 (9/11)16Washington10Pacific-10
95%
Preseason13Arizona State00Pacific-10
91%
Week 1 (9/4)12Arizona State00Pacific-10
91%
Week 6 (10/9)10Miami52Independent
91%
Week 12 (11/20)12Miami83Independent
91%
Week 10 (11/6)6Miami82Independent
91%
Week 5 (10/2)14Miami42Independent
91%
Week 2 (9/11)5Miami21Independent
91%
Week 9 (10/30)6Miami72Independent
91%
Week 1 (9/4)1Miami20Independent
91%
Preseason10Miami00Independent
91%
Week 11 (11/13)14Miami83Independent
91%
Week 13 (11/27)16Miami84Independent
91%
Week 14 (12/4)13Miami84Independent
91%
Week 7 (10/16)9Miami62Independent
91%
Week 8 (10/23)8Miami72Independent
91%
Week 4 (9/25)16Miami32Independent
91%
Postseason18Miami85Independent
91%
Week 3 (9/18)4Miami31Independent
91%
Week 2 (9/11)12Penn State10Independent
91%
Week 6 (10/9)11Penn State41Independent
91%
Week 7 (10/16)19Penn State42Independent
91%
Preseason11Penn State00Independent
91%
Week 4 (9/25)4Penn State30Independent
91%
Week 3 (9/18)7Penn State20Independent
91%
Week 1 (9/4)11Penn State00Independent
91%
Week 5 (10/2)11Penn State31Independent
91%
Week 8 (10/23)19Penn State52Independent
91%
Week 11 (11/13)20Clemson72ACC
86%
Week 4 (9/25)13Clemson21ACC
86%
Week 2 (9/11)2Clemson20ACC
86%
Week 1 (9/4)3Clemson10ACC
86%
Week 3 (9/18)2Clemson20ACC
86%
Preseason4Clemson00ACC
86%
Week 3 (9/18)20Georgia10SEC
86%
Week 8 (10/23)13Georgia51SEC
86%
Week 11 (11/13)15Georgia72SEC
86%
Week 4 (9/25)12Georgia20SEC
86%
Week 9 (10/30)8Georgia61SEC
86%
Week 5 (10/2)20Georgia21SEC
86%
Week 7 (10/16)14Georgia41SEC
86%
Week 13 (11/27)18Georgia73SEC
86%
Week 10 (11/6)8Georgia71SEC
86%
Week 12 (11/20)20Georgia73SEC
86%
Week 6 (10/9)15Georgia31SEC
86%
Week 1 (9/4)10Iowa00Big Ten
86%
Postseason16Iowa841Big Ten
86%
Week 7 (10/16)18Iowa42Big Ten
86%
Preseason12Iowa00Big Ten
86%
Week 8 (10/23)17Iowa52Big Ten
86%
Week 3 (9/18)14Iowa11Big Ten
86%
Week 9 (10/30)17Iowa62Big Ten
86%
Week 2 (9/11)5Iowa10Big Ten
86%
Week 10 (11/6)18Iowa621Big Ten
86%
Week 11 (11/13)3BYU100WAC
82%
Week 7 (10/16)7BYU60WAC
82%
Week 13 (11/27)1BYU120WAC
82%
Week 8 (10/23)5BYU70WAC
82%
Week 4 (9/25)8BYU40WAC
82%
Week 1 (9/4)13BYU10WAC
82%
Week 3 (9/18)6BYU30WAC
82%
Week 5 (10/2)7BYU40WAC
82%
Week 12 (11/20)1BYU110WAC
82%
Week 6 (10/9)5BYU50WAC
82%
Week 10 (11/6)4BYU90WAC
82%
Postseason1BYU130WAC
82%
Week 9 (10/30)4BYU80WAC
82%
Week 14 (12/4)1BYU120WAC
82%
Week 2 (9/11)8BYU20WAC
82%
Week 12 (11/20)3Oklahoma State91Big Eight
82%
Week 7 (10/16)12Oklahoma State41Big Eight
82%
Week 3 (9/18)12Oklahoma State20Big Eight
82%
Week 2 (9/11)13Oklahoma State10Big Eight
82%
Week 4 (9/25)10Oklahoma State30Big Eight
82%
Week 5 (10/2)9Oklahoma State40Big Eight
82%
Week 8 (10/23)10Oklahoma State51Big Eight
82%
Week 6 (10/9)13Oklahoma State41Big Eight
82%
Postseason7Oklahoma State102Big Eight
82%
Week 10 (11/6)7Oklahoma State71Big Eight
82%
Week 13 (11/27)9Oklahoma State92Big Eight
82%
Week 9 (10/30)7Oklahoma State61Big Eight
82%
Week 14 (12/4)9Oklahoma State92Big Eight
82%
Week 11 (11/13)4Oklahoma State81Big Eight
82%
Week 11 (11/13)19Virginia711ACC
82%
Postseason20Virginia822ACC
82%
Week 8 (10/23)18West Virginia61Independent
82%
Week 3 (9/18)18West Virginia30Independent
82%
Week 10 (11/6)19West Virginia72Independent
82%
Week 9 (10/30)12West Virginia71Independent
82%
Week 7 (10/16)20West Virginia51Independent
82%
Week 14 (12/4)20Wisconsin731Big Ten
82%
Week 7 (10/16)16Kentucky50SEC
77%
Postseason19Kentucky93SEC
77%
Week 6 (10/9)19Kentucky40SEC
77%
Week 7 (10/16)10LSU401SEC
77%
Week 13 (11/27)14LSU821SEC
77%
Week 8 (10/23)7LSU501SEC
77%
Postseason15LSU831SEC
77%
Week 14 (12/4)11LSU821SEC
77%
Week 10 (11/6)12LSU611SEC
77%
Week 11 (11/13)9LSU711SEC
77%
Week 6 (10/9)12LSU301SEC
77%
Week 9 (10/30)15LSU511SEC
77%
Week 5 (10/2)15LSU301SEC
77%
Week 12 (11/20)16LSU721SEC
77%
Week 1 (9/4)17Pittsburgh01Independent
73%
Preseason3Pittsburgh00Independent
73%
Week 2 (9/11)17Pittsburgh01Independent
73%
Week 6 (10/9)14Purdue41Big Ten
73%
Postseason11South Carolina102Independent
73%
Week 14 (12/4)7South Carolina101Independent
73%
Week 7 (10/16)11South Carolina50Independent
73%
Week 12 (11/20)9South Carolina91Independent
73%
Week 13 (11/27)7South Carolina101Independent
73%
Week 11 (11/13)2South Carolina90Independent
73%
Week 8 (10/23)9South Carolina60Independent
73%
Week 10 (11/6)5South Carolina80Independent
73%
Week 6 (10/9)17South Carolina40Independent
73%
Week 9 (10/30)5South Carolina70Independent
73%
Week 10 (11/6)15TCU71Southwest
73%
Week 9 (10/30)20TCU61Southwest
73%
Week 12 (11/20)17TCU82Southwest
73%
Week 11 (11/13)12TCU81Southwest
73%
Week 14 (12/4)12Maryland83ACC
64%
Week 12 (11/20)18Maryland73ACC
64%
Postseason12Maryland93ACC
64%
Week 13 (11/27)15Maryland83ACC
64%
Week 6 (10/9)7SMU30Southwest
64%
Postseason8SMU102Southwest
64%
Preseason15SMU00Southwest
64%
Week 9 (10/30)19SMU42Southwest
64%
Week 8 (10/23)14SMU41Southwest
64%
Week 5 (10/2)10SMU30Southwest
64%
Week 7 (10/16)6SMU40Southwest
64%
Week 13 (11/27)10SMU82Southwest
64%
Week 11 (11/13)16SMU62Southwest
64%
Week 10 (11/6)17SMU52Southwest
64%
Week 3 (9/18)13SMU10Southwest
64%
Week 14 (12/4)10SMU92Southwest
64%
Week 4 (9/25)11SMU20Southwest
64%
Week 1 (9/4)15SMU00Southwest
64%
Week 2 (9/11)14SMU00Southwest
64%
Week 12 (11/20)11SMU72Southwest
64%
Week 4 (9/25)18Georgia Tech20ACC
59%
Week 5 (10/2)12Georgia Tech30ACC
59%
Week 6 (10/9)20Georgia Tech31ACC
59%
Week 2 (9/11)10Boston College20Independent
55%
Week 7 (10/16)4Boston College40Independent
55%
Week 8 (10/23)11Boston College41Independent
55%
Week 3 (9/18)10Boston College20Independent
55%
Week 12 (11/20)10Boston College72Independent
55%
Week 6 (10/9)4Boston College30Independent
55%
Week 9 (10/30)9Boston College51Independent
55%
Week 4 (9/25)5Boston College30Independent
55%
Week 1 (9/4)18Boston College10Independent
55%
Week 13 (11/27)8Boston College82Independent
55%
Postseason5Boston College102Independent
55%
Week 11 (11/13)13Boston College62Independent
55%
Preseason19Boston College00Independent
55%
Week 14 (12/4)8Boston College92Independent
55%
Week 5 (10/2)4Boston College30Independent
55%
Week 10 (11/6)16Boston College52Independent
55%
Week 5 (10/2)19Vanderbilt40SEC
41%

Score Distribution

Percentile by Number Answered

Percent of People with Each Score

Your Score History

You have not taken this quiz